<?xml version="1.0" encoding="UTF-8"?>
<record
    xmlns:xsi="http://www.w3.org/2001/XMLSchema-instance"
    xsi:schemaLocation="http://www.loc.gov/MARC21/slim http://www.loc.gov/standards/marcxml/schema/MARC21slim.xsd"
    xmlns="http://www.loc.gov/MARC21/slim">

  <leader>00655nam a22001817a 4500</leader>
  <datafield tag="999" ind1=" " ind2=" ">
    <subfield code="c">1072</subfield>
    <subfield code="d">1072</subfield>
  </datafield>
  <controlfield tag="003">OSt</controlfield>
  <controlfield tag="005">20180824182004.0</controlfield>
  <controlfield tag="008">170209b        xxu||||| |||| 00| 0 esp d</controlfield>
  <datafield tag="040" ind1=" " ind2=" ">
    <subfield code="c">RCAA</subfield>
    <subfield code="a">DO-SdBJH</subfield>
    <subfield code="b">spa</subfield>
  </datafield>
  <datafield tag="082" ind1=" " ind2=" ">
    <subfield code="a">RD 355.17293 J45r 2001</subfield>
  </datafield>
  <datafield tag="110" ind1=" " ind2=" ">
    <subfield code="a">Secretaria de Estado de las Fuerzas Armadas. Jefatura de Estado Mayor de Ej&#xE9;rcito Nacional </subfield>
  </datafield>
  <datafield tag="245" ind1=" " ind2=" ">
    <subfield code="a">Reglamento de uniformes / </subfield>
    <subfield code="c">Jefatura de Estado Mayor de Ej&#xE9;rcito Nacional </subfield>
  </datafield>
  <datafield tag="260" ind1=" " ind2=" ">
    <subfield code="a">Santo Domingo : </subfield>
    <subfield code="b">Nomara,</subfield>
    <subfield code="c">2001</subfield>
  </datafield>
  <datafield tag="300" ind1=" " ind2=" ">
    <subfield code="a">259 p&#xE1;ginas. : </subfield>
    <subfield code="b">ilustraci&#xF3;n a color</subfield>
  </datafield>
  <datafield tag="650" ind1=" " ind2=" ">
    <subfield code="a">Rep&#xFA;blica Dominica -- Reglamento -- Uniforme</subfield>
  </datafield>
  <datafield tag="650" ind1=" " ind2=" ">
    <subfield code="a">Ej&#xE9;rcito Nacional.</subfield>
  </datafield>
  <datafield tag="942" ind1=" " ind2=" ">
    <subfield code="2">ddc</subfield>
    <subfield code="c">BK</subfield>
    <subfield code="z">3</subfield>
  </datafield>
  <datafield tag="952" ind1=" " ind2=" ">
    <subfield code="0">0</subfield>
    <subfield code="1">0</subfield>
    <subfield code="2">ddc</subfield>
    <subfield code="4">0</subfield>
    <subfield code="7">0</subfield>
    <subfield code="8">RD</subfield>
    <subfield code="a">BJHA</subfield>
    <subfield code="b">BJHA</subfield>
    <subfield code="c">GEN</subfield>
    <subfield code="d">2017-02-09</subfield>
    <subfield code="i">16-00582</subfield>
    <subfield code="l">0</subfield>
    <subfield code="o">RD355.17293 J45r 2001</subfield>
    <subfield code="p">16-00582</subfield>
    <subfield code="r">2018-10-06 00:00:00</subfield>
    <subfield code="t">e.1</subfield>
    <subfield code="w">2017-02-09</subfield>
    <subfield code="y">BK</subfield>
  </datafield>
  <datafield tag="952" ind1=" " ind2=" ">
    <subfield code="0">0</subfield>
    <subfield code="1">0</subfield>
    <subfield code="2">ddc</subfield>
    <subfield code="4">0</subfield>
    <subfield code="7">0</subfield>
    <subfield code="8">RD</subfield>
    <subfield code="a">BGBPFFM</subfield>
    <subfield code="b">BGBPFFM</subfield>
    <subfield code="c">GEN</subfield>
    <subfield code="d">2017-02-09</subfield>
    <subfield code="i">10-AFARD-0192</subfield>
    <subfield code="l">0</subfield>
    <subfield code="o">RD 355.17293 J45r 2001</subfield>
    <subfield code="p">10-AFARD-0192</subfield>
    <subfield code="r">2018-06-20 00:00:00</subfield>
    <subfield code="t">Ej.2</subfield>
    <subfield code="w">2017-02-09</subfield>
    <subfield code="y">BK</subfield>
  </datafield>
  <datafield tag="952" ind1=" " ind2=" ">
    <subfield code="0">0</subfield>
    <subfield code="1">0</subfield>
    <subfield code="2">ddc</subfield>
    <subfield code="4">0</subfield>
    <subfield code="7">0</subfield>
    <subfield code="8">RD</subfield>
    <subfield code="a">BJHA</subfield>
    <subfield code="b">BJHA</subfield>
    <subfield code="c">GEN</subfield>
    <subfield code="d">2019-06-14</subfield>
    <subfield code="i">19-02323</subfield>
    <subfield code="l">0</subfield>
    <subfield code="o">RD355.17293 J45r 2001</subfield>
    <subfield code="p">19-02323</subfield>
    <subfield code="r">2019-06-14 00:00:00</subfield>
    <subfield code="t">e.2</subfield>
    <subfield code="w">2019-06-14</subfield>
    <subfield code="y">BK</subfield>
  </datafield>
  <datafield tag="952" ind1=" " ind2=" ">
    <subfield code="0">0</subfield>
    <subfield code="1">0</subfield>
    <subfield code="2">ddc</subfield>
    <subfield code="4">0</subfield>
    <subfield code="7">0</subfield>
    <subfield code="8">RD</subfield>
    <subfield code="a">BJHA</subfield>
    <subfield code="b">BJHA</subfield>
    <subfield code="c">GEN</subfield>
    <subfield code="d">2019-06-14</subfield>
    <subfield code="i">19-02324</subfield>
    <subfield code="l">0</subfield>
    <subfield code="o">RD355.17293 J45r 2001</subfield>
    <subfield code="p">19-02324</subfield>
    <subfield code="r">2019-06-14 00:00:00</subfield>
    <subfield code="t">e.3</subfield>
    <subfield code="w">2019-06-14</subfield>
    <subfield code="y">BK</subfield>
  </datafield>
  <datafield tag="952" ind1=" " ind2=" ">
    <subfield code="0">0</subfield>
    <subfield code="1">0</subfield>
    <subfield code="2">ddc</subfield>
    <subfield code="4">0</subfield>
    <subfield code="7">0</subfield>
    <subfield code="8">RD</subfield>
    <subfield code="a">BJHA</subfield>
    <subfield code="b">BJHA</subfield>
    <subfield code="c">GEN</subfield>
    <subfield code="d">2019-06-14</subfield>
    <subfield code="i">19-02325</subfield>
    <subfield code="l">0</subfield>
    <subfield code="o">RD355.17293 J45r 2001</subfield>
    <subfield code="p">19-02325</subfield>
    <subfield code="r">2019-06-14 00:00:00</subfield>
    <subfield code="t">e.4</subfield>
    <subfield code="w">2019-06-14</subfield>
    <subfield code="y">BK</subfield>
  </datafield>
  <datafield tag="952" ind1=" " ind2=" ">
    <subfield code="0">0</subfield>
    <subfield code="1">0</subfield>
    <subfield code="2">ddc</subfield>
    <subfield code="4">0</subfield>
    <subfield code="7">0</subfield>
    <subfield code="8">RD</subfield>
    <subfield code="a">BJHA</subfield>
    <subfield code="b">BJHA</subfield>
    <subfield code="c">GEN</subfield>
    <subfield code="d">2019-06-14</subfield>
    <subfield code="i">19-02326</subfield>
    <subfield code="l">0</subfield>
    <subfield code="o">RD355.17293 J45r 2001</subfield>
    <subfield code="p">19-02326</subfield>
    <subfield code="r">2019-06-14 00:00:00</subfield>
    <subfield code="t">e.5</subfield>
    <subfield code="w">2019-06-14</subfield>
    <subfield code="y">BK</subfield>
  </datafield>
  <datafield tag="952" ind1=" " ind2=" ">
    <subfield code="0">0</subfield>
    <subfield code="1">0</subfield>
    <subfield code="2">ddc</subfield>
    <subfield code="4">0</subfield>
    <subfield code="7">0</subfield>
    <subfield code="8">RD</subfield>
    <subfield code="a">BJHA</subfield>
    <subfield code="b">BJHA</subfield>
    <subfield code="c">GEN</subfield>
    <subfield code="d">2019-06-14</subfield>
    <subfield code="i">19-02327</subfield>
    <subfield code="l">0</subfield>
    <subfield code="o">RD355.17293 J45r 2001</subfield>
    <subfield code="p">19-02327</subfield>
    <subfield code="r">2019-06-14 00:00:00</subfield>
    <subfield code="t">e.6</subfield>
    <subfield code="w">2019-06-14</subfield>
    <subfield code="y">BK</subfield>
  </datafield>
  <datafield tag="952" ind1=" " ind2=" ">
    <subfield code="0">0</subfield>
    <subfield code="1">0</subfield>
    <subfield code="2">ddc</subfield>
    <subfield code="4">0</subfield>
    <subfield code="7">0</subfield>
    <subfield code="8">RD</subfield>
    <subfield code="a">BJHA</subfield>
    <subfield code="b">BJHA</subfield>
    <subfield code="c">GEN</subfield>
    <subfield code="d">2019-06-14</subfield>
    <subfield code="i">19-02330</subfield>
    <subfield code="l">0</subfield>
    <subfield code="o">RD355.17293 J45r 2001</subfield>
    <subfield code="p">19-02330</subfield>
    <subfield code="r">2019-06-14 00:00:00</subfield>
    <subfield code="t">e.9</subfield>
    <subfield code="w">2019-06-14</subfield>
    <subfield code="y">BK</subfield>
  </datafield>
  <datafield tag="952" ind1=" " ind2=" ">
    <subfield code="0">0</subfield>
    <subfield code="1">0</subfield>
    <subfield code="2">ddc</subfield>
    <subfield code="4">0</subfield>
    <subfield code="7">0</subfield>
    <subfield code="8">RD</subfield>
    <subfield code="a">BGBPFFM</subfield>
    <subfield code="b">BGBPFFM</subfield>
    <subfield code="c">GEN</subfield>
    <subfield code="d">2017-02-09</subfield>
    <subfield code="i">10-AFARD-0191</subfield>
    <subfield code="o">RD 355.17293 J45r 2001</subfield>
    <subfield code="p">10-AFARD-0191</subfield>
    <subfield code="r">2021-07-14 00:00:00</subfield>
    <subfield code="t">Ej.1</subfield>
    <subfield code="w">2017-02-09</subfield>
    <subfield code="y">BK</subfield>
  </datafield>
</record>
